[Event "Verbandsliga Mittelrhein-Ost 1213"]
[Site "Germany"]
[Date "2013.04.14"]
[Round "9.2"]
[White "Debald, Heinrich"]
[Black "Kruse, Lars Benedikt"]
[Result "0-1"]
[WhiteElo "1980"]
[BlackElo "1976"]
[PlyCount "116"]
[EventDate "2012.09.09"]
[EventType "team"]
[EventRounds "11"]
[EventCountry "GER"]
[SourceTitle "EXT 2015"]
[Source "ChessBase"]
[SourceDate "2014.11.20"]
[SourceVersion "1"]
[SourceVersionDate "2014.11.20"]
[SourceQuality "1"]
[WhiteTeam "Bayer Leverkusen II"]
[BlackTeam "Godesberg V"]
[WhiteTeamCountry "GER"]
[BlackTeamCountry "GER"]

1. Nf3 f5 2. c4 Nf6 3. g3 g6 4. Bg2 Bg7 5. 0-0 0-0 6. Nc3 d6 7. d4 Qe8 8. d5 e5 9. dxe6 Qxe6 10. Nd5 Nxd5 11. cxd5 Qe7 12. Bg5 Qf7 13. Qd2 Nd7 14. Rac1 Nc5 15. Be3 Ne4 16. Qa5 b6 17. Qa3 Bb7 18. Rfd1 h6 19. Qb3 a5 20. a4 Ba6 21. Qc2 Nc5 22. Bd4 f4 23. Bxg7 Qxg7 24. Nd4 Bc8 25. Ne6 Bxe6 26. dxe6 Rae8 27. Bd5 Re7 28. b3 Kh7 29. Qc4 fxg3 30. hxg3 Rf6 31. Kg2 Nxe6 32. Rh1 Nc5 33. Rh4 Qf8 34. Bf3 Qf7 35. Rch1 g5 36. Qc2+ Kg7 37. Rc4 Qg6 38. Qc3 Qf5 39. g4 Qe5 40. Qc2 d5 41. Rc3 d4 42. Rc4 Ne6 43. Rd1 Nf4+ 44. Kf1 c5 45. Qd2 Rfe6 46. Rc2 Nd5 47. Kg2 Nc3 48. Re1 Ne4 49. Bxe4 Qxe4+ 50. f3 Qe3 51. Qxe3 Rxe3 52. Rb2 Rc3 53. Kf2 Ree3 54. Reb1 Kf6 55. Kg2 Ke5 56. Kf2 Kf4 57. Kg2 d3 58. exd3 Rcxd3 0-1

[Event "Verbandsliga Mittelrhein-Ost 1213"]
[Site "Germany"]
[Date "2013.03.03"]
[Round "8.2"]
[White "Kruse, Lars Benedikt"]
[Black "Rieber, Ingo"]
[Result "1-0"]
[WhiteElo "1976"]
[BlackElo "1826"]
[PlyCount "61"]
[EventDate "2012.09.09"]
[EventType "team"]
[EventRounds "11"]
[EventCountry "GER"]
[SourceTitle "EXT 2015"]
[Source "ChessBase"]
[SourceDate "2014.11.20"]
[SourceVersion "1"]
[SourceVersionDate "2014.11.20"]
[SourceQuality "1"]
[WhiteTeam "Godesberg V"]
[BlackTeam "Bruehl II"]
[WhiteTeamCountry "GER"]
[BlackTeamCountry "GER"]

1. e4 c5 2. Nf3 d6 3. Bb5+ Bd7 4. Bxd7+ Qxd7 5. c4 Nc6 6. Nc3 Nf6 7. 0-0 g6 8. d4 cxd4 9. Nxd4 Bg7 10. Nde2 0-0 11. f3 Na5 12. b3 a6 13. Rb1 b5 14. Nd5 bxc4 15. Qe1 Nxd5 16. Qxa5 Qa7+ 17. Kh1 Ne3 18. Rg1 cxb3 19. Rxb3 Nc4 20. Qd5 Rac8 21. Rb7 Qf2 22. Nf4 Ne3 23. Qd3 Rc3 24. Qxa6 Nc4 25. Nh3 Qc2 26. Qa7 Ne5 27. Bb2 Nc6 28. Qa6 Rc8 29. Bxc3 Qxc3 30. Rb3 Qd2 31. Qxc8+ 1-0

[Event "Verbandsliga Mittelrhein-Ost 1213"]
[Site "Germany"]
[Date "2013.01.13"]
[Round "6.2"]
[White "Kruse, Lars Benedikt"]
[Black "Kneutgen, Alexander"]
[Result "1/2-1/2"]
[WhiteElo "1976"]
[BlackElo "2011"]
[PlyCount "35"]
[EventDate "2012.09.09"]
[EventType "team"]
[EventRounds "11"]
[EventCountry "GER"]
[SourceTitle "EXT 2015"]
[Source "ChessBase"]
[SourceDate "2014.11.20"]
[SourceVersion "1"]
[SourceVersionDate "2014.11.20"]
[SourceQuality "1"]
[WhiteTeam "Godesberg V"]
[BlackTeam "Niederkassel II"]
[WhiteTeamCountry "GER"]
[BlackTeamCountry "GER"]

1. e4 e6 2. d4 d5 3. Nd2 dxe4 4. Nxe4 Bd7 5. Nf3 Bc6 6. Bd3 Nd7 7. Qe2 Ngf6 8. Bg5 Be7 9. 0-0-0 Nxe4 10. Bxe7 Qxe7 11. Bxe4 Bxe4 12. Qxe4 0-0-0 13. Ne5 Nxe5 14. Qxe5 Qd6 15. Rhe1 Qxe5 16. Rxe5 Rd5 17. Rxd5 exd5 18. h4 1/2-1/2

[Event "SVR-op 30th"]
[Site "Nickenich"]
[Date "2007.04.05"]
[Round "5"]
[White "Masfelder, David"]
[Black "Kruse, Lars Benedikt"]
[Result "1-0"]
[WhiteElo "1941"]
[BlackElo "1600"]
[PlyCount "41"]
[EventDate "2007.03.31"]
[EventType "swiss"]
[EventRounds "7"]
[EventCountry "GER"]
[SourceTitle "EXT 2009"]
[Source "ChessBase"]
[SourceDate "2008.11.26"]
[SourceVersion "1"]
[SourceVersionDate "2008.11.26"]
[SourceQuality "1"]

1. e4 c6 2. d4 d6 3. f4 Nf6 4. Nc3 g6 5. Nf3 Bg7 6. Bd3 Nbd7 7. 0-0 0-0 8. Ne2 Re8 9. c3 e5 10. Qe1 Qb6 11. Kh1 Nh5 12. fxe5 dxe5 13. Ng5 Rf8 14. Bc4 Nhf6 15. Qh4 h6 16. Nf3 g5 17. Bxg5 hxg5 18. Nxg5 Qc7 19. Rf3 Re8 20. Bxf7+ Kf8 21. Ne6+ 1-0

[Event "SVR-ch HT 29th"]
[Site "Koblenz"]
[Date "2006.04.15"]
[Round "7"]
[White "Nagel, Alexander"]
[Black "Kruse, Lars Benedikt"]
[Result "1-0"]
[WhiteElo "1639"]
[BlackElo "1414"]
[PlyCount "57"]
[EventDate "2006.04.08"]
[EventType "swiss"]
[EventRounds "7"]
[EventCountry "GER"]
[SourceTitle "EXT 2009"]
[Source "ChessBase"]
[SourceDate "2008.11.26"]
[SourceVersion "1"]
[SourceVersionDate "2008.11.26"]
[SourceQuality "1"]

1. e4 e5 2. Nf3 Nc6 3. Bb5 Nge7 4. 0-0 a6 5. Ba4 b5 6. Bb3 h6 7. Re1 d6 8. h3 Ng6 9. d3 Be7 10. c3 0-0 11. d4 exd4 12. cxd4 Re8 13. Nc3 Bf6 14. a4 b4 15. Nd5 Nh4 16. e5 dxe5 17. Nxf6+ Qxf6 18. Nxh4 Qxh4 19. dxe5 Rxe5 20. Rxe5 Nxe5 21. Qd5 Bb7 22. Qxb7 Re8 23. Be3 Nd3 24. Qxc7 Rxe3 25. Qxf7+ Kh7 26. fxe3 Qg3 27. Qf5+ Qg6 28. Qxg6+ Kxg6 29. Bc2 1-0

[Event "SVR-ch HT 29th"]
[Site "Koblenz"]
[Date "2006.04.09"]
[Round "3"]
[White "Kruse, Lars Benedikt"]
[Black "Voss, Mathieu"]
[Result "1-0"]
[WhiteElo "1414"]
[BlackElo "1208"]
[PlyCount "55"]
[EventDate "2006.04.08"]
[EventType "swiss"]
[EventRounds "7"]
[EventCountry "GER"]
[SourceTitle "EXT 2009"]
[Source "ChessBase"]
[SourceDate "2008.11.26"]
[SourceVersion "1"]
[SourceVersionDate "2008.11.26"]
[SourceQuality "1"]

1. d4 e6 2. e4 d5 3. exd5 exd5 4. c4 c6 5. Nc3 Nf6 6. Bg5 Nbd7 7. cxd5 cxd5 8. Nf3 Be7 9. Bb5 0-0 10. 0-0 Ne4 11. Bxe7 Qxe7 12. Nxd5 Qd6 13. Nc3 Nef6 14. Re1 Nb6 15. Ne4 Nxe4 16. Rxe4 Qb4 17. Qe2 Bf5 18. Re7 Rab8 19. b3 Rfc8 20. Re1 Be6 21. Rxe6 fxe6 22. Qxe6+ Kh8 23. Ng5 h6 24. Nf7+ Kg8 25. Nxh6+ Kh7 26. Bd3+ Kh8 27. Qg8+ Rxg8 28. Nf7# 1-0

[Event "SVR-ch HT 29th"]
[Site "Koblenz"]
[Date "2006.04.08"]
[Round "1"]
[White "Kruse, Lars Benedikt"]
[Black "Orth, Ulrich"]
[Result "1/2-1/2"]
[WhiteElo "1414"]
[BlackElo "1762"]
[PlyCount "175"]
[EventDate "2006.04.08"]
[EventType "swiss"]
[EventRounds "7"]
[EventCountry "GER"]
[SourceTitle "EXT 2009"]
[Source "ChessBase"]
[SourceDate "2008.11.26"]
[SourceVersion "1"]
[SourceVersionDate "2008.11.26"]
[SourceQuality "1"]

1. d4 d5 2. c4 dxc4 3. e3 Nf6 4. Nc3 e6 5. Bxc4 Be7 6. Nf3 Nbd7 7. 0-0 b6 8. d5 exd5 9. Bxd5 Nxd5 10. Qxd5 Rb8 11. Nd4 Bb7 12. Qb3 c5 13. Nf5 0-0 14. Nxe7+ Qxe7 15. Nd5 Bxd5 16. Qxd5 Rfd8 17. Qf3 Ne5 18. Qg3 Rb7 19. b3 Nd3 20. Bd2 Rbd7 21. Bc3 f6 22. h4 b5 23. a3 Qe6 24. Rab1 a6 25. Rfd1 Rd6 26. h5 Nf4 27. Qf3 Rxd1+ 28. Rxd1 Rxd1+ 29. Qxd1 Nd5 30. Bb2 Qf5 31. g4 Qe4 32. Kh2 Kf7 33. Kg3 Ke6 34. Qf3 Qc2 35. e4 Ne7 36. Qc3 Qxc3+ 37. Bxc3 Nc6 38. f4 b4 39. axb4 cxb4 40. Bd2 h6 41. Kf2 Nd4 42. Ke3 Nxb3 43. Bxb4 a5 44. Ba3 a4 45. Kd3 Kf7 46. Kc3 g6 47. Bb4 gxh5 48. gxh5 Kg7 49. Kc4 Nc1 50. Kb5 Ne2 51. Bd6 Nc3+ 52. Kb4 Nxe4 53. Bc7 Ng3 54. Kxa4 Nxh5 55. f5 Kf7 56. Kb3 Ng7 57. Kc2 Nxf5 58. Kd3 Kg6 59. Ke2 h5 60. Kf2 Nh6 61. Kg2 Kg5 62. Bb6 Kg4 63. Bc7 f5 64. Ba5 f4 65. Be1 f3+ 66. Kg1 Nf5 67. Kf1 h4 68. Kg1 Ng3 69. Ba5 Ne4 70. Bb6 Kg3 71. Bc7+ Kh3 72. Bb6 Kg4 73. Ba7 Ng3 74. Bb6 h3 75. Ba7 Ne4 76. Bb6 Nc3 77. Bc5 Ne2+ 78. Kh2 Nf4 79. Kg1 Kg3 80. Bf2+ Kg4 81. Bb6 Kf5 82. Kh2 Ke4 83. Kg3 Kd3 84. Bf2 Ke2 85. Bg1 Kf1 86. Bb6 Ke2 87. Ba7 Kf1 88. Bb6 1/2-1/2